Entry Personal Name
Number of records used in: 1
001 - CONTROL NUMBER
003 - CONTROL NUMBER IDENTIFIER
005 - DATE AND TIME OF LATEST TRANSACTION
- control field:
20220919145444.0
008 - FIXED-LENGTH DATA ELEMENTS
- fixed length control field:
790925n| azannaabn |a aaa
010 ## - LIBRARY OF CONGRESS CONTROL NUMBER
- LC control number:
n 79083961
035 ## - SYSTEM CONTROL NUMBER
- System control number:
(OCoLC)oca00316465
040 ## - CATALOGING SOURCE
- Original cataloging agency:
DLC
- Language of cataloging:
eng
- Description conventions:
rda
- Transcribing agency:
DLC
- Modifying agency:
DLC
- Modifying agency:
OkU
- Modifying agency:
IEN
- Modifying agency:
MdRoLAC
046 ## - SPECIAL CODED DATES
- Birth date:
1944-12-26
- Death date:
2006-01-17
- Source of date scheme:
edtf
100 1# - HEADING--PERSONAL NAME
- Personal name:
Snyder, C. R.
373 ## - ASSOCIATED GROUP
- Associated group:
University of Kansas
- Source of term:
naf
374 ## - OCCUPATION
- Occupation:
Clinical psychologists
- Source of term:
lcsh
400 1# - SEE FROM TRACING--PERSONAL NAME
- Personal name:
Snyder, Rick,
- Dates associated with a name:
1944-2006
400 1# - SEE FROM TRACING--PERSONAL NAME
- Personal name:
Snyder, Charles Richard
400 1# - SEE FROM TRACING--PERSONAL NAME
- Personal name:
Snyder, C. R.,
- Dates associated with a name:
1944-2006
670 ## - SOURCE DATA FOUND
- Source citation:
Author's Comparisons, 1974.
670 ## - SOURCE DATA FOUND
- Source citation:
Hope for the journey, 1997:
- Information found:
CIP t.p. (C.R. Snyder) galley (C.R. (Rick) Snyder; Ph.D. clinical psychologist)
670 ## - SOURCE DATA FOUND
- Source citation:
Coping, 1999:
- Information found:
CIP t.p. (C.R. Snyder) data sheet (Snyder, Charles Richard; b. 12-26-44)
670 ## - SOURCE DATA FOUND
- Source citation:
Oxford Handbook of Positive Psychology, 2009:
- Information found:
ECIP t.p. (C.R. Snyder) data view (Snyder, Charles Richard; b. 12/26/1944; d. 01/17/2006))
670 ## - SOURCE DATA FOUND
- Source citation:
Information from 678 field, converted Nov. 26, 2014
- Information found:
(Dept. of Psychology, Univ. of Kansas)
670 ## - SOURCE DATA FOUND
- Source citation:
Positive psychology, 2019:
- Information found:
ECIP title page (C. R. Snyder)